Sense projecte no hi ha futur : com fer el projecte d'una associació / Fernando Pindado, coordinador [i autor] Pep Martí Masferrer, Maria I. Merino Barragan com fer el projecte d'una associació / Fernando Pindado, coordinador [i autor] Pep Martí Masferrer, Maria I. Merino Barragan
MARC
| LEADER | 00000nam a2200000Ia 4500 | ||
|---|---|---|---|
| 001 | 14696 | ||
| 008 | 160829s9999 xx 000 0 cat d | ||
| 080 | |a M-4-264 | ||
| 100 | |a Pindado Sánchez, Fernando |9 47630 | ||
| 245 | |a Sense projecte no hi ha futur : |b com fer el projecte d'una associació / Fernando Pindado, coordinador [i autor] Pep Martí Masferrer, Maria I. Merino Barragan | ||
| 260 | |a [Barcelona] : |b Diputació de Barcelona, Xarxa de Municipis, cop. 2002 | ||
| 300 | |a 55 p. ; |c 30 cm | ||
| 490 | |a Papers de participació ciutadana ; 8 | ||
| 590 | |a Precedeix el títol: Eines per a la participació ciutadana. | ||
| 590 | |a Col·lecció coordinada pel Centre per a la Participació Ciutadana de l'Organisme Autònom Flor de Maig | ||
| 650 | |a Associacions, institucions, etc. |x Planificació |9 25790 | ||
| 700 | |a Martí Masferrer, Pep, coord. |9 25791 | ||
| 700 | |a Merino Barragan, Maria I., coord. |9 25792 | ||
| 710 | |a Flor de Maig |9 54173 | ||
| 901 | |a Arxiu | ||
| 942 | |n 1 | ||
| 952 | |0 0 |1 0 |4 0 |6 M4264 |7 1 |9 43797 |a Arxiu |b Arxiu |d 2016-12-01 |l 0 |o M-4-264 |p 14696 |r 2016-12-01 00:00:00 |w 2016-12-01 |y ARXIU | ||
| 999 | |c 46345 |d 46345 | ||